|
|
|
|
| LEADER |
00000nam0a2200000 4500 |
| 001 |
214379 |
| 005 |
20231101225901.0 |
| 010 |
|
|
|a 846680563X
|
| 035 |
|
|
|a (RuTPU)RU\TPU\book\234244
|
| 035 |
|
|
|a RU\TPU\book\231970
|
| 090 |
|
|
|a 214379
|
| 100 |
|
|
|a 20120423d2006 m y0engy50 ba
|
| 101 |
0 |
|
|a eng
|
| 102 |
|
|
|a GB
|
| 105 |
|
|
|a y j 000zy
|
| 200 |
1 |
|
|a Framework. Advanced. Level 5
|e Teacher's Book
|f J. Riddle
|
| 210 |
|
|
|a London
|c Richmond Publishing
|d 2006
|
| 215 |
|
|
|a 95 p.
|e 3 CD-ROM
|
| 606 |
1 |
|
|a Английский язык
|x Учебные руководства и пособия
|x Учебные руководства и пособия для высшей школы
|2 stltpush
|3 (RuTPU)RU\TPU\subj\29071
|9 52483
|
| 606 |
1 |
|
|a Английский язык
|x Учебные руководства и пособия
|x Методика преподавания
|2 stltpush
|3 (RuTPU)RU\TPU\subj\29080
|
| 610 |
1 |
|
|a лексика
|
| 610 |
1 |
|
|a грамматика
|
| 610 |
1 |
|
|a разговорная речь
|
| 610 |
1 |
|
|a упражнения
|
| 610 |
1 |
|
|a методика
|
| 610 |
1 |
|
|a обучение
|
| 610 |
1 |
|
|a преподавание
|
| 610 |
1 |
|
|a CD-ROM
|
| 686 |
|
|
|a Ш143.21-923
|v LBC/SL-A
|2 rubbk
|
| 686 |
|
|
|a Ш143.21-91
|v LBC/SL-A
|2 rubbk
|
| 700 |
|
1 |
|a Riddle
|b J.
|g Jon
|
| 801 |
|
1 |
|a RU
|b 63413507
|c 20120215
|
| 801 |
|
2 |
|a RU
|b 63413507
|c 20140620
|g RCR
|
| 942 |
|
|
|c BK
|